Aging in today's society /

Bibliographic Details
Main Author: Tibbitts, Clark, 1903-1985
Other Authors: Donahue, Wilma
Format: Book
Language:English
Published: Englewood Cliffs, N. J. : Prentice-Hall, 1960.
Series:Prentice-Hall sociology series.
Subjects:

MARC

Tag First Indicator Second Indicator Subfields
LEADER 00000cam a2200000 4500
001 in00000038021
005 20151007080758.0
008 731206s1960 eng u
010 |a  60008763  
035 |a (OCoLC)00755968 
035 |9 AAF5363AM 
040 |c MCL  |d TXA  |d UtOrBLW 
049 |a TXAM  |c [320174] 
050 0 |a HQ1061  |b .T49 
092 |a 301.435  |b T552a 
096 |a WT100  |b .T552a 1960 
100 1 |a Tibbitts, Clark,  |d 1903-1985. 
245 1 0 |a Aging in today's society /  |c Edited by Clark Tibbits and Wilma Donahue, with the assistance of John Walker Powell. 
264 1 |a Englewood Cliffs, N. J. :  |b Prentice-Hall,  |c 1960. 
300 |a xix, 418 pages ;  |c 24 cm. 
336 |a text  |b txt  |2 rdacontent 
337 |a unmediated  |b n  |2 rdamedia 
338 |a volume  |b nc  |2 rdacarrier 
490 1 |a Prentice-Hall sociology series 
500 |a "An expansion of Aging in the Modern World." 
504 |a Includes bibliographies. 
650 0 |a Aging. 
650 0 |a Middle age. 
650 2 |a Aging. 
650 2 |a Middle Aged. 
650 2 |a Psychology, Social. 
700 1 |a Donahue, Wilma. 
830 0 |a Prentice-Hall sociology series. 
999 |a MARS 
999 f f |s 20632918-23b0-32fc-99ad-4af10134916b  |i f3033a96-20dd-338c-977e-4f605a204c65  |t 0 
952 f f |p ric  |a Texas A&M University  |b Rellis Campus  |c Joint Library Facility  |d Remote Storage  |t 0  |e HQ1061 .T49  |h Library of Congress classification  |i unmediated -- volume  |m A14800642906 
998 f f |a HQ1061 .T49  |t 0  |l Remote Storage